| 000 | 01199nam a22003377a 4500 | ||
|---|---|---|---|
| 003 | CHAP | ||
| 005 | 20220329135024.0 | ||
| 008 | 971013c18221825 r 00010 d | ||
| 010 | _a29700 | ||
| 011 | _a30672 | ||
| 035 | _a34784 | ||
| 040 | _cCHAP | ||
| 082 |
_a581.98 _bK8 |
||
| 100 | 0 | 0 |
_aKunth, Karl Sigismund. _964095 |
| 245 | _aSynopsis plantarum, quas initinere ad plagam aequinoctialem orbis novo, collegerunt Al. | ||
| 260 | _c1822-1825 | ||
| 300 | _a4 v. | ||
| 490 | _aVoyage de Humboldt et Bonpland. Sixieme partie : botanique | ||
| 590 |
_aBATCH-UPD _b10 _c20130110 _lUCH01 _h2107 |
||
| 590 |
_aBATCH-UPD _b10 _c20130410 _lUCH01 _h1418 |
||
| 590 |
_aBATCH-UPD _b10 _c20130914 _lUCH01 _h0730 |
||
| 590 |
_aCONVERSION _b10 _c20130109 _lUCH01 _h1317 |
||
| 650 | 1 | 4 |
_aBotánica _xAmérica Latina. _914487 |
| 830 | 0 |
_aVoyage de Humboldt et Bonpland. Sixieme partie : botanique _9120718 |
|
| 901 | _aBK | ||
| 942 | _cLIBRO | ||
| 949 |
_a581.98 K8 _bBC _cBPP _d-80364 _eBPP _h9724 _i34784 _si |
||
| 949 |
_a581.98 K8 _bBC _cBPP _d-80365 _eBPP _fc.2 _h9725 _i34784 _si |
||
| 949 |
_a581.98 K8 _bBC _cBPP _d-80367 _eBPP _fv.3 _h9726 _i34784 _si |
||
| 949 |
_a581.98 K8 _bBC _cBPP _d-80369 _eBPP _fv.4 _h9727 _i34784 _si |
||
| 999 |
_c29700 _d29700 |
||